LEADER 02916nam 2200493 450 001 9910544654303321 005 20170920012700.0 010 $a1-62036-378-X 035 $a(CKB)3710000000853509 035 $a(EBL)4676917 035 $a(MiAaPQ)EBC4676917 035 $a(EXLCZ)993710000000853509 100 $a20160926h20162016 uy 0 101 0 $aeng 135 $aur|n|---||||| 181 $2rdacontent 182 $2rdamedia 183 $2rdacarrier 200 00$aTransforming understandings of diversity in higher education $edemography, democracy, and discourse /$fedited by Penny A. Pasque [and three others] 210 1$aSterling, Virginia :$cStylus Publishing,$d2016. 210 4$d©2016 215 $a1 online resource (280 p.) 225 1 $aEngaged Research and Practice for Social Justice in Education 300 $aDescription based upon print version of record. 320 $aIncludes bibliographical references at the end of each chapters and index. 327 $aTransforming Understandings of Diversity in Higher Education; COPYRIGHT; CONTENTS; FOREWORD; ACKNOWLEDGMENTS; INTRODUCTION; 1 COLOR-BLIND IDEOLOGY AND THE DISCONNECTED POWER-ANALYSIS FRAME; 2 AN INTERVIEW WITH UMA M. JAYAKUMAR; 3 A THEORY OF EQUITY; 4 AN INTERVIEW WITH JARRETT T. GUPTON; 5 LESBIAN, GAY, BISEXUAL, TRANSGENDER, AND QUEER STUDENTS ON CAMPUS; 6 AN INTERVIEW WITH MICHAEL R. WOODFORD; 7 RACIALLY AND SOCIOECONOMICALLY DIVERSE STUDENTS' PATHWAYS TO COLLEGE; 8 AN INTERVIEW WITH ANGELA M. LOCKS; 9 ARCHITECTURE OF DIVERSITY; 10 AN INTERVIEW WITH MICHELLE SAMURA 327 $a11 INCLUDING DISABILITY IN THE DISCOURSE12 AN INTERVIEW WITH ALLISON LOMBARDI; 13 THE IMPACT OF MEDIA IMAGERY ON ACADEMIC IDENTITY DEVELOPMENT FOR BLACK MALE STUDENT ATHLETES; 14 AN INTERVIEW WITH JERLANDO F. L. JACKSON; 15 RACIALIZED AND GENDERED EXPERIENCES OF AFRICAN AMERICAN FEMALE FACULTY AT PUBLIC COMMUNITY COLLEGES; 16 AN INTERVIEW WITH TAMARA NICHELE STEVENSON; 17 UNPACKING THE MANDATE RHETORIC OF HISTORICALLY BLACK COLLEGES AND UNIVERSITIES' DIVERSITY DISCOURSES; 18 AN INTERVIEW WITH COURTNEY CARTER 327 $a19 TRANSFORMING DEMOGRAPHY, DEMOCRACY, AND DISCOURSE THROUGH DIVERSITY IN EDUCATION AND SOCIETYCONTRIBUTORS; INDEX; Also available from Stylus 410 0$aEngaged Research and Practice for Social Justice in Education 606 $aMinorities$xEducation (Higher)$zUnited States 606 $aCollege students$zUnited States$xSocial conditions 608 $aElectronic books. 615 0$aMinorities$xEducation (Higher) 615 0$aCollege students$xSocial conditions. 676 $a378.008 700 $aPasque$b Penny A$0887012 702 $aPasque$b Penny A. 801 0$bMiAaPQ 801 1$bMiAaPQ 801 2$bMiAaPQ 906 $aBOOK 912 $a9910544654303321 996 $aTransforming understandings of diversity in higher education$92662415 997 $aUNINA LEADER 01823nas 22006373a 450 001 996208027603316 005 20230522010532.0 011 $a1945-5089 024 8 $aeb728270 024 8 $apq28989 035 $a(OCoLC)39003655 035 $a(CKB)954921421541 035 $a(CONSER)--2008212873 035 $a(MiAaPQ)41632 035 $a(EXLCZ)99954921421541 100 $a19980423b19912018 s-- a 101 0 $aeng 135 $aurmnu|||||||| 181 $ctxt$2rdacontent 182 $cc$2rdamedia 183 $acr$2rdacarrier 200 00$aHR focus 210 $aNew York $cAmerican Management Association 210 3 $aArlington, VA $cBureau of National Affairs 215 $a1 online resource 311 $a1059-6038 517 3 $aHRfocus 531 $aHR FOCUS THE HANDS ON TOOL FOR HUMAN RESOURCES PROFESSIONALS 531 $aHUMAN RESOURCES FOCUS 531 $aHRFOCUS 606 $aPersonnel management$vPeriodicals 606 $aPersonnel Management 606 $aPersonnel$xDirection$vPériodiques 606 $aHuman Resources$2ebps 606 $aPersonnel management$2fast$3(OCoLC)fst01058797 606 $aPersonalwesen$2gnd 606 $aZeitschrift$2gnd 606 $aPersoneelsmanagement$2gtt 607 $aUSA$2swd 608 $aPeriodical. 608 $aPeriodicals.$2fast 608 $aPeriodicals.$2lcgft 615 0$aPersonnel management 615 2$aPersonnel Management. 615 6$aPersonnel$xDirection 615 7$aHuman Resources. 615 7$aPersonnel management. 615 7$aPersonalwesen 615 7$aZeitschrift 615 17$aPersoneelsmanagement. 676 $a658.3 712 02$aAmerican Management Association. 906 $aJOURNAL 912 $a996208027603316 996 $aHR focus$9796343 997 $aUNISA LEADER 01086nam 2200361 450 001 9910818693403321 005 20191125163000.0 010 $a1-908258-98-5 035 $a(CKB)4100000009670096 035 $a(MiAaPQ)EBC5965333 035 $a(EXLCZ)994100000009670096 100 $a20191125d2019 uy 0 101 0 $aeng 135 $aurcnu|||||||| 181 $ctxt$2rdacontent 182 $cc$2rdamedia 183 $acr$2rdacarrier 200 10$aBeyond the big six religions $eexpanding the boundaries in the teaching of religions and worldviews /$fJames D. Holt 210 1$aChester :$cUniversity of Chester Press,$d[2019] 210 4$d©2019 215 $a1 online resource (338 pages) $cillustrations 311 $a1-908258-35-7 606 $aReligion$xStudy and teaching 615 0$aReligion$xStudy and teaching. 676 $a200.71 700 $aHolt$b James$01681505 801 0$bMiAaPQ 801 1$bMiAaPQ 801 2$bMiAaPQ 906 $aBOOK 912 $a9910818693403321 996 $aBeyond the big six religions$94067871 997 $aUNINA LEADER 02050nam a2200409 i 4500 001 991002280919707536 005 20250418134009.0 008 010104m19641971fr f er 001 0 fre d 035 $ab1034200x-39ule_inst 035 $aEXGIL101290$9ExL 040 $aBibl. Interfacoltà T. Pellegrino$bita$dSocioculturale Scs 041 0 $afre 082 04$a843.7$223 100 1 $aSand, George$0137342 245 10$aCorrespondance [de] George Sand /$c[textes réunis, classés et annotés par Georges Lubin] 250 $aEd. illustrée 260 $aParis :$bGarnier,$cc1964-1971 300 $avolumi :$bill. ;$c19 cm 490 1 $aClassiques Garnier 505 00$gTome 1. : (1812-1831). -$g1964. -$gXXXI, 1093 p, : [1] ritratto, [5] c. di tav., [4] c. di tav. ripiegate 505 00$gTome 2. : (1832-juin 1835). -$g1966. -$gXXI, 1011 p. : [1] ritratto, [5] c. di tav. 505 00$gTome 3. : (juillet 1835-avril 1837). -$g1967. -$gXVII, 975 p. : [1] ritratto, [7] c. di tav. 505 00$gTome 4. : (Mai 1837-mars 1840). -$g1968. -$gXV, 1009 p. :[1] ritratto, [8] c. di tav. 505 00$gTome 5. : (Avril 1840-Decembre 1842). -$g1969. -$gXV, 974 p. : [1] ritratto, [8] c. di tav. 505 00$gTome 6. : (1843-juin 1845). -$g1969. -$gXV, 1036 p. : [1] ritratto, [5] c. di tav. 505 00$gTome 7. : (juillet 1845-juin 1847). -$g1970. -$gXIII, 895 p. : [1] ritratto, [8] c. di tav. 505 00$gTome 8. : (juillet 1847-decembre 1848). -$g1971. -$gXV, 868 p. : [1] ritratto, [8] c. di tav. 650 4$aSand, George$vLettere 700 1 $aLubin, Georges 830 0$aClassiques Garnier 907 $a.b1034200x$b21-02-17$c27-06-02 912 $a991002280919707536 945 $aLE002 Fr. II F 6 I$cV. 1$g1$i2002000948861$lle002$o-$pE0.00$q-$rl$s-$t0$u1$v1$w1$x0$y.i10401805$z27-06-02 945 $aLE002 Fr. II F 6 II$cV. 2$g1$i2002000948878$lle002$o-$pE0.00$q-$rl$s-$t0$u1$v1$w1$x0$y.i10401817$z27-06-02 996 $aCorrespondance George Sand$9199108 997 $aUNISALENTO 998 $ale002$b01-01-01$cm$da$e-$ffre$gfr$h0$i2